dishonored quiz - Statistics

General Stats
  • This quiz has been taken 157 times
  • The average score is 7 of 11
Answer Stats
Hint Answer % Correct
who killed the empress Daud
95%
what is emily to corvo daughter
95%
who drives you around with a boat Samuel
75%
what are the big guys called tall boys
73%
who is the royal phisycan sokolov
68%
who is your last target havelock
58%
who tried to overthorw Emily Delilah
53%
who is the overseer that you save in the first mission martin
52%
what is the worst ending high chaos
51%
who isyour 3rd target that needs to be killed lady boyle
44%
who is your first target Cambell
29%
No matching quizzes found
Score Distribution
Percent of People with Each Score
Percentile by Number Answered
Your Score History
You have not taken this quiz